<?xml version="1.0" encoding="UTF-8"?>
<record
    xmlns:xsi="http://www.w3.org/2001/XMLSchema-instance"
    xsi:schemaLocation="http://www.loc.gov/MARC21/slim http://www.loc.gov/standards/marcxml/schema/MARC21slim.xsd"
    xmlns="http://www.loc.gov/MARC21/slim">

  <leader>02941cam a2200421 i 4500</leader>
  <controlfield tag="001">10098651</controlfield>
  <controlfield tag="005">20220326193306.0</controlfield>
  <controlfield tag="008">120313s2012    enka     bc   000 0 eng  </controlfield>
  <datafield tag="010" ind1=" " ind2=" ">
    <subfield code="a">  2012429356</subfield>
  </datafield>
  <datafield tag="016" ind1="7" ind2=" ">
    <subfield code="a">016058368</subfield>
    <subfield code="2">Uk</subfield>
  </datafield>
  <datafield tag="020" ind1=" " ind2=" ">
    <subfield code="a">9781849760140</subfield>
  </datafield>
  <datafield tag="020" ind1=" " ind2=" ">
    <subfield code="a">1849760144</subfield>
  </datafield>
  <datafield tag="020" ind1=" " ind2=" ">
    <subfield code="a">1849760101</subfield>
  </datafield>
  <datafield tag="020" ind1=" " ind2=" ">
    <subfield code="a">9781849760102</subfield>
  </datafield>
  <datafield tag="035" ind1=" " ind2=" ">
    <subfield code="a">(OCoLC)ocn775066121</subfield>
  </datafield>
  <datafield tag="035" ind1=" " ind2=" ">
    <subfield code="a">(OCoLC)775066121</subfield>
    <subfield code="z">(OCoLC)783736951</subfield>
    <subfield code="z">(OCoLC)792935822</subfield>
  </datafield>
  <datafield tag="035" ind1=" " ind2=" ">
    <subfield code="a">(NNC)10098651</subfield>
  </datafield>
  <datafield tag="040" ind1=" " ind2=" ">
    <subfield code="a">DLC</subfield>
    <subfield code="b">eng</subfield>
    <subfield code="e">rda</subfield>
    <subfield code="c">DLC</subfield>
    <subfield code="d">ERASA</subfield>
    <subfield code="d">UKMGB</subfield>
    <subfield code="d">YDXCP</subfield>
    <subfield code="d">CDX</subfield>
    <subfield code="d">BWK</subfield>
    <subfield code="d">YNK</subfield>
    <subfield code="d">CIA</subfield>
    <subfield code="d">UKTTE</subfield>
    <subfield code="d">UKWOH</subfield>
    <subfield code="d">NDD</subfield>
    <subfield code="d">BDX</subfield>
    <subfield code="d">OCLCO</subfield>
    <subfield code="d">OCLCQ</subfield>
  </datafield>
  <datafield tag="042" ind1=" " ind2=" ">
    <subfield code="a">pcc</subfield>
  </datafield>
  <datafield tag="082" ind1="0" ind2="4">
    <subfield code="a">708</subfield>
    <subfield code="b">G162d</subfield>
  </datafield>
  <datafield tag="100" ind1=" " ind2=" ">
    <subfield code="a">Gallagher, Ann,(editor.)</subfield>
    <subfield code="9">1768</subfield>
  </datafield>
  <datafield tag="245" ind1="0" ind2="0">
    <subfield code="a">Damien Hirst /</subfield>
    <subfield code="c">edited by Ann Gallagher ; with contributions by Ann Gallager [and six others]. Loren Hansi Momodu, curator.</subfield>
  </datafield>
  <datafield tag="260" ind1=" " ind2=" ">
    <subfield code="a">Londres, Inglaterra.</subfield>
    <subfield code="b">Tate Modern Gallery</subfield>
    <subfield code="c">2012</subfield>
  </datafield>
  <datafield tag="300" ind1=" " ind2=" ">
    <subfield code="a">229 pages :</subfield>
    <subfield code="b">chiefly color illustrations ;</subfield>
    <subfield code="c">29 cm</subfield>
  </datafield>
  <datafield tag="500" ind1=" " ind2=" ">
    <subfield code="a">Published on the occasion of the exhibition Damien Hirst, Tate Modern, 4 April - 9 September 2012.</subfield>
  </datafield>
  <datafield tag="504" ind1=" " ind2=" ">
    <subfield code="a">Includes bibliographical references and index.</subfield>
  </datafield>
  <datafield tag="505" ind1="0" ind2=" ">
    <subfield code="a">Ugly feelings / Brian Dillon -- Damien Hirst: the early years / Michael Craig-Martin -- Nicholas Serota interviews Damien Hirst -- Beautiful inside my head forever / Michael Bracewell -- In the glass menagerie: Damien Hirst with Francis Bacon / Thomas Crow -- Believer / Andrew Wilson.</subfield>
  </datafield>
  <datafield tag="520" ind1="8" ind2=" ">
    <subfield code="a">Damien Hirst is one of the most controversial and highly regarded artists of his generation. His wide-ranging practice, which includes installation, painting, sculpture and drawing, challenges the boundaries between art, science and popular culture. Published to accompany Hirst's first retrospective exhibition in the UK, staged at Tate Modern during the Olympics in 2012, this book will trace Hirst's career from his emergence on the art scene in the late 1980s to his present status as one of the best-known artists working today. With an introduction by curator Ann Gallagher, a new interview by Nicholas Serota, Director of Tate, and essays by curator Andrew Wilson, author and critic Brian Dillon and art historian and critic Thomas Crow, as well as shorter texts on key moments in Hirst's career by Michael Craig-Martin and Michael Bracewell. Exhibition: Tate Modern, London, UK (4.4.-9.9.2012) / LAMOCA, Los Angeles, USA (Autumn 2012).</subfield>
  </datafield>
  <datafield tag="600" ind1="1" ind2="0">
    <subfield code="a">Hirst, Damien</subfield>
    <subfield code="v">Exhibitions.</subfield>
    <subfield code="9">1769</subfield>
  </datafield>
  <datafield tag="650" ind1=" " ind2="7">
    <subfield code="a">Art and Design.</subfield>
    <subfield code="2">eflch</subfield>
    <subfield code="9">1770</subfield>
  </datafield>
  <datafield tag="700" ind1="1" ind2=" ">
    <subfield code="a">Gallagher, Ann,</subfield>
    <subfield code="e">editor.</subfield>
    <subfield code="9">1771</subfield>
  </datafield>
  <datafield tag="700" ind1="1" ind2="2">
    <subfield code="a">Craig-Martin, Michael,</subfield>
    <subfield code="d">1941-</subfield>
    <subfield code="t">Damien Hirst.</subfield>
    <subfield code="9">1772</subfield>
  </datafield>
  <datafield tag="710" ind1="2" ind2=" ">
    <subfield code="a">Tate Modern (Gallery),</subfield>
    <subfield code="e">host institution.</subfield>
    <subfield code="9">1658</subfield>
  </datafield>
  <datafield tag="856" ind1="4" ind2="2">
    <subfield code="3">Contributor biographical information</subfield>
    <subfield code="u">http://catdir.loc.gov/catdir/enhancements/fy1215/2012429356-b.html</subfield>
  </datafield>
  <datafield tag="856" ind1="4" ind2="2">
    <subfield code="3">Publisher description</subfield>
    <subfield code="u">http://catdir.loc.gov/catdir/enhancements/fy1215/2012429356-d.html</subfield>
  </datafield>
  <datafield tag="948" ind1="1" ind2=" ">
    <subfield code="a">20121206</subfield>
    <subfield code="b">c</subfield>
    <subfield code="c">rhg9</subfield>
    <subfield code="d">OSMC</subfield>
  </datafield>
  <datafield tag="999" ind1=" " ind2=" ">
    <subfield code="c">373</subfield>
    <subfield code="d">373</subfield>
  </datafield>
  <datafield tag="952" ind1=" " ind2=" ">
    <subfield code="0">0</subfield>
    <subfield code="1">0</subfield>
    <subfield code="2">ddc</subfield>
    <subfield code="4">0</subfield>
    <subfield code="7">0</subfield>
    <subfield code="a">LV</subfield>
    <subfield code="b">LV</subfield>
    <subfield code="c">Monograf&#xED;as</subfield>
    <subfield code="d">2014-11-27</subfield>
    <subfield code="l">0</subfield>
    <subfield code="o">708 G162d</subfield>
    <subfield code="p">004027</subfield>
    <subfield code="r">2014-11-27 00:00:00</subfield>
    <subfield code="w">2014-11-27</subfield>
    <subfield code="y">01</subfield>
  </datafield>
</record>
